| 000 | 00920nac a22002051u 4500 | ||
|---|---|---|---|
| 008 | 100915t xxu||||| |||| 00| 0 eng d | ||
| 010 | _a94011331 | ||
| 020 | _a0070178240 | ||
| 082 | 0 | 0 |
_a629.832 _bDRI |
| 100 |
_aDriels, Morris R. _919233 |
||
| 245 | 1 | 0 |
_aLinear Control Systems Engineering / _cMorris Driels. |
| 260 |
_aNew Delhi : _bMcGraw-Hill,1996 _cc1996. |
||
| 300 |
_axviii, 628 p. : _bill. ; _c25 cm. |
||
| 490 |
_915957 _aMcGraw-Hill series in mechanical engineering |
||
| 500 | _aIncludes index. | ||
| 650 | 0 |
_aLinear control systems. _919234 |
|
| 942 |
_cBB _k629.832DRI _2ddc |
||
| 999 |
_c4106 _d4106 |
||